| 000 | 00762cam a2200265 a 4500 | ||
|---|---|---|---|
| 008 | |||
| 020 | _a0471013145 (pbk.) | ||
| 049 | _aMAIN | ||
| 090 | _aREF HB61 | ||
| 100 | 1 | _aShim, Jae K. | |
| 245 | 0 | 0 |
_aDictionary of economics / _cJae K. Shim and Joel G. Siegel. |
| 246 | 3 | 0 | _aEconomics |
| 260 |
_aNew York : _bJ. Wiley & Sons, _cc1995. |
||
| 300 |
_ax, 373 p. : _bill. ; _c24 cm. |
||
| 440 | 0 | _aBusiness dictionary series | |
| 504 | _aIncludes bibliographical references. | ||
| 650 | 0 |
_aEconomics _xDictionaries. |
|
| 653 | 0 | _aEconomics | |
| 700 | 1 | _aSiegel, Joel G. | |
| 907 |
_a.b10075641 _b16-01-07 _c17-04-03 |
||
| 003 | |||
| 005 | 20230120191410.0 | ||
| 040 | _cNUST | ||
| 942 |
_cBOOKS _kREF HB61 |
||
| 999 |
_c100417 _d100417 |
||